Amy Winehouse Discography - Statistics

General Stats
  • This quiz has been taken 135 times
    76 since last reset
  • The average score is 4 of 18
Answer Stats
Type Year Name % Correct
Double Package 2008 Frank / Back to Black
100%
Album 2006 Back to Black
98%
Album 2003 Frank
86%
Compilation 2011 Lioness: Hidden Treasures
42%
Soundtrack 2015 Amy
34%
Remix Album 2021 Remixes
9%
Live Album 2012 Amy Winehouse at the BBC
8%
Live EP 2021 I Told You I Was in Trouble: Live in London
8%
Live Album 2022 Live at Glastonbury 2007
8%
Box Set 2015 The Collection
6%
Compilation 2020 The Collection
6%
Compilation 2020 12x7: The Singles Collection
5%
EP 2008 Back to Black: B-Sides
5%
EP 2008 Frank (B-Sides)
5%
EP 2007 iTunes Festival: London 2007
3%
EP 2004 Sessions@AOL
3%
Box Set 2012 The Album Collection
3%
Box Set 2012 At the BBC: Deluxe Box Set
0%
No matching quizzes found
Score Distribution
Percent of People with Each Score
Percentile by Number Answered
Your Score History
You have not taken this quiz since the last reset